|
|
|
|
| LEADER |
00000nab a2200000 a 4500 |
| 001 |
vtls009938027 |
| 003 |
SK-MaSNL |
| 005 |
20260303045034.0 |
| 008 |
140302c2009 xo |r|p||| |000 b|slo |
| 015 |
|
|
|a SNBRB2009/07
|
| 038 |
|
|
|a SPK
|
| 040 |
|
|
|a SPKCL
|b slo
|c 2001
|e AACR2
|
| 041 |
0 |
|
|a slo
|b slo
|
| 044 |
|
|
|a xo
|c SK
|
| 072 |
|
7 |
|a 371
|x Školstvo (organizácia)
|2 konspekt
|
| 080 |
|
|
|a 371.321
|2 1997
|
| 100 |
1 |
|
|a Majerová, Tatiana
|4 aut
|9 353441
|
| 245 |
1 |
0 |
|a Vyučovacie štýly učiteľov
|c Tatiana Majerová
|
| 300 |
|
|
|b Obr.
|
| 650 |
0 |
7 |
|a štýl výučby
|2 spk
|9 1035043
|
| 655 |
|
7 |
|a recenzie
|2 snkbucl
|9 21907
|
| 773 |
0 |
|
|t Učiteľské noviny
|g Roč. LVII., 24.-25. týždeň (2009)
|x 1335-793X
|
| 773 |
0 |
8 |
|t Školstvo odborne
|g 24.-25. týždeň (2009), s. 24
|
| 787 |
0 |
8 |
|i Rec.:
|a Fenstermacher, G.D.
|t Vyučovací styly učitelů
|d Praha : Portál, 2008
|z 9788073674717
|
| 787 |
0 |
8 |
|i Rec.:
|a Soltis, J.F.
|t Vyučovací styly učitelů
|d Praha : Portál, 2008
|z 9788073674717
|
| 852 |
|
|
|a SPK
|b KIS3GCP
|
| 958 |
|
|
|a RC
|2 snkbucl
|
| 999 |
|
|
|c 1702346
|d 1704276
|